MARC

LEADER 00000nam0a2200000 4500
001 301098
005 20231102001352.0
020 |a RU  |b 83-18029 
035 |a (RuTPU)RU\TPU\book\326251 
090 |a 301098 
100 |a 20150723d1983 k y0rusy5003 ca 
101 0 |a rus 
102 |a RU 
105 |a a z 000zy 
200 1 |a Криогенные формы рельефа  |f А. И. Попов, Т. П. Кузнецова, Г. Э. Розенбаум 
210 |a Москва  |c Изд-во МГУ  |d 1983 
215 |a 40 с.  |c ил. 
606 |a Вечная мерзлота  |x Влияние на рельеф  |2 stltpush  |3 (RuTPU)RU\TPU\subj\2340  |9 30920 
610 1 |a денудация 
610 1 |a области 
610 1 |a стабилизация 
610 1 |a аккумуляция 
675 |a 551.435.5  |v 3 
700 1 |a Попов  |b А. И.  |g Александр Иосифович 
701 1 |a Кузнецова  |b Т. П.  |g Татьяна Петровна 
701 1 |a Розенбаум  |b Г. Э.  |g Галина Эдуардовна 
801 0 |a RU  |b RuMRKP  |c 19950704  |g psbo 
801 1 |a RU  |b 63413507  |c 20150723 
801 2 |a RU  |b 63413507  |c 20190227  |g RCR 
942 |c BK